Every Silksong Faction - Statistics

General Stats
  • This quiz has been taken 198 times
    164 since last reset
  • The average score is 10 of 23
Answer Stats
Hint Answer % Correct
Local Population of Pharloom attempting to reach the Citadel Pilgrims
97%
Children of Grand Mother Silk, fled Pharloom Weavers
95%
Traveling band of bugs in caravans Fleas
93%
Once great, fierce tribal ant colony Skarrs
82%
Thieving, crow-like clan of East Greymoor Crawbugs
79%
Magically gifted, void obsessed family Snail Shamans
77%
Poor, underpaid population of bugs who keep the citadel running Underworkers
62%
Record Keepers of the Citadel Vaultkeepers
58%
Lost population of an ancient kingdom, of which only one of their two princes remain Verdanians
48%
Main Army of the the Citadel, but also serving a musical religious role The Choir
47%
Tribal bugs who revolted against the citadel for polluting their lands Stilkin
45%
Medical Caste of the Citadel, conducting horrific experiments Surgeons and Dregs
44%
Cult of bugs worshipping the fire Burning Bugs
39%
Eternal prisoners of the Slab Penitents
39%
Usurpers of Nyleth who seized Shellwood in Nyleth's absence Splinters
34%
Automatons created by the Architect Caste of the Citadel Cogworks
23%
Sent to work in the fiery mines by the Citadel Deep Docks Workers
22%
Enslaved population of Greymoor, made to catch fallen silk from the Citadel Dreg Catchers
16%
Bugs who supposedly committed a sin so heinous they are permanent overseers of the Slab Fly Wardens
14%
Those of the enslaved population of Greymoor who fled and now survive off Roaches Roach Tenders
9%
Group of bugs similar to mosskin loyal to now deceased Nyleth, now wild Flower Bugs
7%
Ancient warrior civilization that ruled from the Coral Tower, fell to the Citadel Order of Karak
7%
Watchers, who serve a mysterious group called the masters, in the City of Steel (Steel Soul exclusive) Steel Beings
5%
No matching quizzes found
Score Distribution
Percent of People with Each Score
Percentile by Number Answered
Your Score History
You have not taken this quiz since the last reset